000 00510nam a2200169Ia 4500
999 _c26358
_d26358
003 OSt
005 20201223130756.0
008 190216s9999||||xx |||||||||||||| ||und||
040 _coclc
082 _a894.8128
_bNAI/M
100 _aNair, C K Chandrasekharan
_97818
245 0 _aMundasseriyude Niroopanam /
_cC K Chandrasekharan Nair
260 _bNational Book Stall,
_aKottayam:
_c1987.
300 _a135p
650 _aPadanam
942 _cBK
_2ddc
_h894.8128
_iNAI/M
_k894.8128
_mNAI/M